| 000 | 00805nam a2200241 i 4500 | ||
|---|---|---|---|
| 001 | 168926 | ||
| 003 | ES-MaACL | ||
| 005 | 20250812062529.0 | ||
| 008 | 080626s1952 sp f |||| | spa d | ||
| 080 | _a1 | ||
| 100 | 1 |
_aPalacios, Leopoldo-Eulogio, _d1912-1981 _988410 |
|
| 245 | 1 | 0 |
_aIdeología pura y fenomenología pura _b: (de Balmes a Husserl) / _cLeopoldo Palacios. |
| 260 |
_aMadrid : _bAteneo, _c1952. |
||
| 300 |
_a28 p. : _b1 lám. ; _c19 cm. |
||
| 490 | 1 |
_aColección "O crece o muere" ; _v24 |
|
| 610 | 2 | 7 |
_aAteneo de Madrid- _vConferencias- _y1940-1982. _91908 |
| 650 | 0 | 7 |
_aFilosofía _2embne _912802 |
| 650 | 0 | 4 |
_aFenomenología. _912756 |
| 830 | 1 | 0 |
_aColección "O crece o muere" _v24 _9183476 |
| 852 |
_aES-MaACL _jJ-24 (24) |
||
| 852 |
_aES-MaACL _jJ-25 (24) |
||
| 999 |
_c168926 _d168926 |
||